Statistics for Happiest Countries A-Z

Click here to take the quiz!

General Stats

  • This quiz has been taken 41 times
  • The average score is 18 of 23

Answer Stats

LetterRankCountry% Correct
D3Denmark
100%
F1Finland
100%
N2Norway
97%
Q32Qatar
97%
U18United States
97%
C7Canada
94%
G15Germany
94%
Y152Yemen
94%
I4Iceland
90%
J54Japan
87%
R52Romania
87%
S5Switzerland
87%
Z125Zambia
87%
A10Australia
84%
H69Hungary
84%
B16Belgium
81%
L17Luxembourg
81%
V95Vietnam
81%
M22Malta
48%
T26Taiwan
45%
K45Kuwait
42%
P27Panama
42%
E40El Salvador
35%

Score Distribution

Percentile by Number Answered

Percent of People with Each Score

Your Score History

You have not taken this quiz